[Event "Athens of East GM-Open 2019"]
[Site "Madurai"]
[Date "2019.08.15"]
[Round "7.17"]
[White "Manigandan, S S"]
[Black "Sahoo, Utkal Ranjan"]
[Result "0-1"]
[WhiteElo "2100"]
[BlackElo "2278"]
[Annotator "ChessBase"]
[PlyCount "114"]
[EventDate "2019.08.11"]
[EventType "swiss"]
[EventCountry "IND"]
[SourceTitle "playchess.com"]
[Source "ChessBase"]
[SourceQuality "1"]
[TimeControl "5400+30"]

1. d4 {[%emt 0:00:00]} Nf6 {[%emt 0:00:00]} 2. c4 {[%emt 0:00:00]} e6 {[%emt 0:00:00]} 3. Nc3 {[%emt 0:00:00]} d5 {[%emt 0:00:04]} 4. Nf3 {[%emt 0:00:00]} Be7 {[%emt 0:00:08]} 5. Bg5 {[%emt 0:00:21]} Nbd7 {[%emt 0:00:34]} 6. e3 {[%emt 0:00:24]} h6 {[%emt 0:00:08]} 7. Bh4 {[%emt 0:00:12]} O-O {[%emt 0:00:09]} 8. Qc2 {[%emt 0:00:29]} c6 {[%emt 0:00:08]} 9. Rd1 {[%emt 0:00:07]} a6 {[%emt 0:00:51]} 10. a3 {[%emt 0:06:17]} Re8 {[%emt 0:09:25]} 11. h3 {[%emt 0:04:39]} b6 {[%emt 0:11:18]} 12. Bd3 {[%emt 0:02:48]} Bb7 {[%emt 0:01:26]} 13. O-O {[%emt 0:01:10]} Rc8 {[%emt 0:00:51]} 14. e4 {[%emt 0:26:46]} dxe4 {[%emt 0:09:20]} 15. Nxe4 {[%emt 0:10:47]} Nxe4 {[%emt 0:08:21]} 16. Bxe7 {[%emt 0:00:07]} Qxe7 {[%emt 0:00:13]} 17. Bxe4 {[%emt 0:00:05]} Red8 {[%emt 0:06:43]} 18. Rfe1 {[%emt 0:02:39]} Nf6 {[%emt 0:01:36]} 19. c5 {[%emt 0:09:41]} bxc5 {[%emt 0:00:53]} 20. dxc5 {[%emt 0:00:10]} Rxd1 {[%emt 0:02:59]} 21. Rxd1 {[%emt 0:00:27]} Nxe4 {[%emt 0:01:36]} 22. Qxe4 {[%emt 0:00:05]} Qxc5 {[%emt 0:00:20]} 23. Rd7 {[%emt 0:05:22]} Ba8 {[%emt 0:01:21]} 24. Ne5 {[%emt 0:09:55]} Qc1+ {[%emt 0:01:28]} 25. Kh2 {[%emt 0:00:05]} c5 {[%emt 0:00:25]} 26. Qg4 {[%emt 0:00:35]} Qxb2 {[%emt 0:01:47]} 27. Nxf7 {[%emt 0:00:55]} Qf6 {[%emt 0:01:10]} 28. Nd6 {[%emt 0:17:04]} Rf8 {[%emt 0:01:08]} 29. f3 {[%emt 0:02:47]} Bd5 {[%emt 0:04:55]} 30. Rc7 {[%emt 0:00:27]} h5 {[%emt 0:16:43]} 31. Qg3 {[%emt 0:00:03]} h4 {[%emt 0:00:13]} 32. Qg4 {[%emt 0:00:01]} Qe5+ {[%emt 0:00:08]} 33. Kh1 {[%emt 0:00:05]} c4 {[%emt 0:00:34]} 34. Qg6 {[%emt 0:01:03]} c3 {[%emt 0:01:52]} 35. f4 {[%emt 0:00:26]} Qf6 {[%emt 0:02:00]} 36. Qxf6 {[%emt 0:01:24]} Rxf6 {[%emt 0:00:21]} 37. Nc8 {[%emt 0:00:10]} Kh7 {[%emt 0:06:25]} 38. Nb6 {[%emt 0:00:44]} Rxf4 {[%emt 0:00:50]} 39. Nxd5 {[%emt 0:00:32]} exd5 {[%emt 0:00:21]} 40. Rxc3 {[%emt 0:00:02]} Kg6 {[%emt 0:05:26]} 41. Rc5 {[%emt 0:00:45]} d4 {[%emt 0:00:23]} 42. Rd5 {[%emt 0:00:49]} Kf6 {[%emt 0:01:18]} 43. g3 {[%emt 0:00:27]} hxg3 {[%emt 0:00:33]} 44. Kg2 {[%emt 0:00:01]} Ke6 {[%emt 0:00:19]} 45. Rd8 {[%emt 0:00:12]} Ke5 {[%emt 0:00:17]} 46. Rd7 {[%emt 0:01:20]} g6 {[%emt 0:00:24]} 47. Re7+ {[%emt 0:00:23]} Kd5 {[%emt 0:01:11]} 48. Rd7+ {[%emt 0:00:02]} Kc4 {[%emt 0:00:16]} 49. Rc7+ {[%emt 0:00:22]} Kd5 {[%emt 0:02:08]} 50. Rd7+ {[%emt 0:00:10]} Kc5 {[%emt 0:00:40]} 51. Rc7+ {[%emt 0:00:22]} Kd6 {[%emt 0:00:38]} 52. Ra7 {[%emt 0:01:25]} d3 {[%emt 0:00:21]} 53. Rxa6+ {[%emt 0:00:24]} Ke5 {[%emt 0:00:25]} 54. Ra5+ {[%emt 0:00:18]} Ke4 {[%emt 0:00:41]} 55. Kxg3 {[%emt 0:01:03]} Rf5 {[%emt 0:00:48]} 56. Ra8 {[%emt 0:00:29]} d2 {[%emt 0:00:19]} 57. Re8+ {[%emt 0:00:22]} Kd4 {[%emt 0:00:17]} 0-1

[Event "Athens of East GM-Open 2019"]
[Site "Madurai"]
[Date "2019.08.15"]
[Round "7.18"]
[White "Aaryan Varshney"]
[Black "Priyanka, Kumari"]
[Result "1-0"]
[WhiteElo "2272"]
[BlackElo "1991"]
[Annotator "ChessBase"]
[PlyCount "89"]
[EventDate "2019.08.11"]
[EventType "swiss"]
[EventCountry "IND"]
[SourceTitle "playchess.com"]
[Source "ChessBase"]
[SourceQuality "1"]
[TimeControl "5400+30"]

1. d4 {[%emt 0:00:00]} Nf6 {[%emt 0:00:11]} 2. c4 {[%emt 0:00:00]} g6 {[%emt 0:00:07]} 3. Nc3 {[%emt 0:00:00]} Bg7 {[%emt 0:00:04]} 4. e4 {[%emt 0:00:00]} d6 {[%emt 0:00:06]} 5. Nf3 {[%emt 0:00:00]} O-O {[%emt 0:00:56]} 6. Be2 {[%emt 0:00:03]} e5 {[%emt 0:01:00]} 7. O-O {[%emt 0:00:09]} Nc6 {[%emt 0:00:06]} 8. d5 {[%emt 0:00:04]} Ne7 {[%emt 0:00:05]} 9. Ne1 {[%emt 0:00:05]} Nd7 {[%emt 0:00:21]} 10. Be3 {[%emt 0:00:09]} f5 {[%emt 0:00:12]} 11. f3 {[%emt 0:00:11]} f4 {[%emt 0:02:43]} 12. Bf2 {[%emt 0:00:01]} g5 {[%emt 0:00:15]} 13. Nd3 {[%emt 0:00:07]} Rf6 {[%emt 0:01:48]} 14. c5 {[%emt 0:00:40]} Rh6 {[%emt 0:04:51]} 15. Rc1 {[%emt 0:03:50]} Qe8 {[%emt 0:05:40]} 16. Kh1 {[%emt 0:05:37]} Nf6 {[%emt 0:05:04]} 17. cxd6 {[%emt 0:09:06]} cxd6 {[%emt 0:00:54]} 18. a4 {[%emt 0:13:00]} Qg6 {[%emt 0:12:53]} 19. Ne1 {[%emt 0:12:54]} Qh5 {[%emt 0:14:23]} 20. Bg1 {[%emt 0:00:38]} Qh4 {[%emt 0:01:08]} 21. Bd3 {[%emt 0:05:51]} Nh5 {[%emt 0:07:58]} 22. Ne2 {[%emt 0:00:41]} Ng3+ {[%emt 0:01:26]} 23. Nxg3 {[%emt 0:00:51]} fxg3 {[%emt 0:00:50]} 24. Qd2 {[%emt 0:10:51]} Qh5 {[%emt 0:16:24]} 25. Rc7 {[%emt 0:10:05]} Bf6 {[%emt 0:06:42]} 26. Nc2 {[%emt 0:03:49]} Qe8 {[%emt 0:06:33]} 27. Ne3 {[%emt 0:01:46]} Rxh2+ {[%emt 0:07:41]} 28. Bxh2 {[%emt 0:00:24]} Qh5 {[%emt 0:00:12]} 29. Rxc8+ {[%emt 0:00:26]} Rxc8 {[%emt 0:02:04]} 30. Ng4 {[%emt 0:00:02]} Kg7 {[%emt 0:00:14]} 31. Qe1 {[%emt 0:05:22]} gxh2 {[%emt 0:00:11]} 32. Qb4 {[%emt 0:00:11]} Rc5 {[%emt 0:02:23]} 33. Qxb7 {[%emt 0:00:22]} Qe8 {[%emt 0:00:30]} 34. Qxa7 {[%emt 0:02:31]} Qc8 {[%emt 0:00:15]} 35. Qb6 {[%emt 0:00:41]} Qd7 {[%emt 0:00:46]} 36. Bb5 {[%emt 0:02:24]} Qc7 {[%emt 0:00:13]} 37. Qxc7 {[%emt 0:00:13]} Rxc7 {[%emt 0:00:01]} 38. Ne3 {[%emt 0:01:23]} Kf8 {[%emt 0:00:32]} 39. Nc4 {[%emt 0:01:19]} Nc8 {[%emt 0:00:08]} 40. Bc6 {[%emt 0:00:29]} Na7 {[%emt 0:00:37]} 41. Nxd6 {[%emt 0:00:47]} Nxc6 {[%emt 0:00:07]} 42. Rc1 {[%emt 0:00:43]} Be7 {[%emt 0:00:17]} 43. Nb5 {[%emt 0:01:05]} Rc8 {[%emt 0:00:16]} 44. dxc6 {[%emt 0:00:35]} Ke8 {[%emt 0:00:16]} 45. a5 {[%emt 0:00:29]} 1-0

[Event "Athens of East GM-Open 2019"]
[Site "Madurai"]
[Date "2019.08.15"]
[Round "7.19"]
[White "Nayak Rajesh"]
[Black "Rao, Siddarth Satya"]
[Result "1/2-1/2"]
[WhiteElo "2250"]
[BlackElo "2230"]
[Annotator "ChessBase"]
[PlyCount "48"]
[EventDate "2019.08.11"]
[EventType "swiss"]
[EventCountry "IND"]
[SourceTitle "playchess.com"]
[Source "ChessBase"]
[SourceQuality "1"]
[TimeControl "5400+30"]

1. Nf3 {[%emt 0:00:39]} Nf6 {[%emt 0:00:00]} 2. g3 {[%emt 0:00:23]} e6 {[%emt 0:00:14]} 3. Bg2 {[%emt 0:01:00]} Be7 {[%emt 0:00:13]} 4. O-O {[%emt 0:00:29]} O-O {[%emt 0:00:06]} 5. b3 {[%emt 0:07:26]} d5 {[%emt 0:00:18]} 6. Bb2 {[%emt 0:00:07]} c5 {[%emt 0:00:17]} 7. c4 {[%emt 0:01:51]} Nc6 {[%emt 0:01:35]} 8. d3 {[%emt 0:00:54]} Re8 {[%emt 0:02:02]} 9. Nbd2 {[%emt 0:00:49]} Bf8 {[%emt 0:01:03]} 10. a3 {[%emt 0:06:54]} d4 {[%emt 0:03:36]} 11. Ne1 {[%emt 0:09:01]} e5 {[%emt 0:00:54]} 12. e4 {[%emt 0:00:39]} g6 {[%emt 0:04:12]} 13. h3 {[%emt 0:00:45]} a5 {[%emt 0:02:04]} 14. Ndf3 {[%emt 0:02:06]} Bd7 {[%emt 0:02:53]} 15. a4 {[%emt 0:02:08]} Nh5 {[%emt 0:01:36]} 16. Bc1 {[%emt 0:02:03]} Ra6 {[%emt 0:06:04]} 17. Rb1 {[%emt 0:11:01]} Ra7 {[%emt 0:06:32]} 18. Rb2 {[%emt 0:00:31]} Bc8 {[%emt 0:01:01]} 19. Kh2 {[%emt 0:07:50]} h6 {[%emt 0:10:03]} 20. Ng1 {[%emt 0:02:41]} Bg7 {[%emt 0:03:15]} 21. Bf3 {[%emt 0:03:55]} Nf6 {[%emt 0:00:08]} 22. Bg2 {[%emt 0:00:45]} Nh5 {[%emt 0:00:09]} 23. Ne2 {[%emt 0:08:33]} Qd6 {[%emt 0:06:18]} 24. Ng1 {[%emt 0:03:51]} Qd8 {[%emt 0:01:54]} 1/2-1/2

[Event "Athens of East GM-Open 2019"]
[Site "Madurai"]
[Date "2019.08.16"]
[Round "8.1"]
[White "Smirnov, Pavel"]
[Black "Gupta, Abhijeet"]
[Result "1-0"]
[WhiteElo "2574"]
[BlackElo "2603"]
[Annotator "TA"]
[PlyCount "117"]
[EventDate "2019.08.11"]
[EventType "swiss"]
[EventCountry "IND"]
[SourceTitle "playchess.com"]
[Source "ChessBase"]
[SourceQuality "1"]

{[%evp 23,117,8,7,7,16,7,13,7,7,7,8,8,8,0,0,0,79,77,81,85,78,81,81,74,69,12,12,14,14,16,12,20,14,16,14,13,26,8,8,8,8,8,8,8,8,8,36,8,8,8,8,8,62,67,4479,2081,29962,29963,5675,77,80,0,5332,4722,4602,29970,29970,29971,29972,29973,29972,29973,29974,29975,29975,29976,29976,29977,29978,29979,29979,29980,29980,29981,29981,29982,29982,29983,29983,29984,29984,29985,29985,29986,29986,29987]} 1. Nf3 Nf6 2. c4 g6 3. g3 Bg7 4. Bg2 O-O 5. O-O c5 6. d4 cxd4 7. Nxd4 d5 8. cxd5 Nxd5 9. Nc3 Nxc3 10. bxc3 Nc6 11. Nxc6 bxc6 12. Qxd8 Rxd8 13. Bxc6 {D75: Fianchetto Grünfeld: Main Line with 7...c5} Rb8 (13... Bh3 14. Bxa8 Bxf1 15. Kxf1 Bxc3 16. Rb1 Rxa8 17. Rb7 e6 18. Be3 a5 19. a4 Rd8 20. Bh6 Bg7 {1-0 (47) Jumabayev,R (2611)-Bok,B (2596) Jurmala 2017}) 14. Bf4 Rb2 15. Rfd1 {The position is equal.} Rf8 {[#]} 16. Rac1 $146 ({Predecessor:} 16. Bf3 Bxc3 17. Rac1 Bg7 18. a4 Ra2 19. Bg5 Bf6 20. Bh6 Bg7 21. Bg5 Bf6 22. Bxf6 exf6 23. Rd4 Bh3 24. Bg2 Bxg2 25. Kxg2 Re8 26. e4 Rb8 27. Rc3 Kg7 {½-½ (27) Plat,V (2510)-Cernousek,L (2462) Ostrava 2017}) 16... Rxe2 17. a4 Bf5 18. Be3 a6 19. a5 Be5 (19... Bg4 $11) 20. Bb6 $1 $16 Rc8 21. Bb7 Rxc3 22. Bxa6 Ra2 23. Bc4 Rd2 24. Bf1 (24. Bb5 $14) 24... Bd4 $1 $11 25. Bxd4 ({Of course not} 25. Rxd2 Rxc1 26. Kg2 (26. Rxd4 {is a self mate.} Bh3 27. Rd8+ Kg7 28. Bd4+ f6 29. Bxf6+ Kf7 30. Rd1 Rxd1 31. Bh8 Rxf1#) 26... Bxb6 $17) 25... Rxd4 26. a6 Rxd1 $1 27. Rxd1 {[%mdl 4096] Endgame KRB-KRB} Ra3 28. f4 Kg7 29. Rc1 Kf6 30. Rc6+ e6 31. Rc7 Bd3 32. Bxd3 Rxd3 {KR-KR} 33. a7 Ra3 34. Kf2 {Black should prevent Ke2.} h6 35. Ke2 g5 $1 36. Kd2 gxf4 37. gxf4 {Threatening Kc2.} Kf5 (37... Kg6 $11) 38. Rxf7+ $14 Kg4 $2 {[%mdl 8192]} (38... Kg6 $14 39. Rb7 Kf6) 39. Kc2 $18 Kh3 40. Kb2 Ra6 41. Rh7 $2 (41. Rg7 $18 {Rg3+ is the strong threat.} Kxh2 42. Kc3) 41... Kg4 $16 42. Rf7 $2 {[%mdl 8192]} (42. Kb3 $16 Kxf4 43. Rc7) 42... Kh3 $1 $18 43. Kb3 Kxh2 44. Rg7 h5 {White mates.} 45. Kb4 h4 46. Kb5 Ra1 47. Kb6 $1 Rb1+ 48. Kc7 Ra1 49. Kb8 Rb1+ 50. Rb7 Ra1 51. a8=Q Rxa8+ 52. Kxa8 {KR-KPP} Kg3 {[#]} 53. Rf7 $1 h3 {[#]} 54. Kb7 $1 h2 55. Rh7 Kxf4 56. Rxh2 e5 57. Kc6 e4 58. Kd5 e3 59. Kd4 {Accuracy: White = 65%, Black = 59%.} 1-0

[Event "Athens of East GM-Open 2019"]
[Site "Madurai"]
[Date "2019.08.16"]
[Round "8.2"]
[White "Vasquez Schroeder, Rodrigo"]
[Black "Venkatesh, M.R."]
[Result "1/2-1/2"]
[WhiteElo "2496"]
[BlackElo "2480"]
[Annotator "TA"]
[PlyCount "69"]
[EventDate "2019.08.11"]
[EventType "swiss"]
[EventCountry "IND"]
[SourceTitle "playchess.com"]
[Source "ChessBase"]
[SourceQuality "1"]

{[%evp 10,69,25,21,29,34,44,8,13,8,54,61,66,38,22,11,32,29,52,30,44,28,72,44,41,33,47,-7,-12,-55,19,14,18,0,47,29,26,24,25,27,29,20,18,-3,23,19,22,10,15,8,12,4,4,0,0,8,7,5,44,23,44,0]} 1. d4 Nf6 2. c4 e6 3. Nf3 Bb4+ 4. Bd2 Qe7 5. g3 Bxd2+ 6. Qxd2 d5 {E11: Bogo-Indian} 7. Bg2 Nc6 8. b3 {[%cal Bb2b3,Bb3c4][%mdl 32]} dxc4 {The position is equal.} 9. bxc4 e5 10. d5 Nb8 {[%cal Bc6b8,Bb8d7,Bd7b6][%mdl 32]} 11. O-O O-O 12. Qb2 $146 ({Predecessor:} 12. Qe3 Re8 13. Qa3 Bg4 14. Qxe7 Rxe7 {½-½ (69) Lupulescu,C (2601)-Fodor,T (2520) Daventry 2019}) 12... Nbd7 13. Nc3 Re8 14. Rfd1 e4 15. Nd4 e3 {[#] ...exf2+ is the strong threat.} 16. f3 Nb6 17. Qb3 Qc5 18. Ndb5 (18. Qb5 $14 Qxc4 19. Ne4) 18... a6 $1 $11 {[%cal Ra6b5]} ({Don't blunder} 18... Nxc4 $2 19. Na4 $18) 19. Na3 Bd7 (19... Bf5 $1 $15) 20. Rab1 Bf5 21. Qb4 Nfd7 (21... Nbd7 $5 {[%cal Rf5b1]}) 22. Rb2 Nc8 23. Na4 Qxb4 24. Rxb4 b6 25. g4 Bg6 26. Rc1 Nc5 27. Nxc5 bxc5 28. Rb3 Nd6 29. Rcc3 f5 30. Rxe3 fxg4 31. fxg4 Rxe3 32. Rxe3 Rb8 33. Rb3 Rb4 34. Kf2 a5 35. Nb5 {Accuracy: White = 70%, Black = 48%.} 1/2-1/2

[Event "Athens of East GM-Open 2019"]
[Site "Madurai"]
[Date "2019.08.16"]
[Round "8.3"]
[White "Das, Sayantan"]
[Black "Tukhaev, Adam"]
[Result "1/2-1/2"]
[WhiteElo "2409"]
[BlackElo "2541"]
[Annotator "TA"]
[PlyCount "137"]
[EventDate "2019.08.11"]
[EventType "swiss"]
[EventCountry "IND"]
[SourceTitle "playchess.com"]
[Source "ChessBase"]
[SourceQuality "1"]

{[%evp 18,137,36,25,17,20,33,20,20,15,15,19,15,16,14,18,12,0,14,14,19,20,12,16,104,114,110,95,82,60,72,65,62,56,40,50,212,70,75,70,78,74,62,93,123,117,96,97,110,25,125,66,60,57,79,73,68,51,47,62,64,71,68,68,112,101,104,97,129,41,41,41,41,41,41,41,41,41,41,41,41,41,41,41,41,41,41,41,56,41,41,41,41,41,41,41,41,41,41,8,41,0,41,41,41,0,0,0,0,0,0,0,0,0,0,0,0,0,0,0,0,0]} 1. e4 e5 2. Nf3 Nc6 3. Bb5 g6 4. c3 a6 5. Ba4 Bg7 6. O-O d6 7. d4 Bd7 8. Re1 Nf6 9. Nbd2 O-O 10. h3 exd4 {C60: Ruy Lopez: Unusual Black 3rd moves and 3...g6} (10... h6 11. Nf1 Re8 12. Ng3 b5 13. Bc2 exd4 14. cxd4 Nb4 15. Bb1 c5 16. d5 a5 17. a3 Na6 18. Bf4 {1-0 (57) Ivanchuk,V (2726)-Mamedyarov,S (2799) Huaian 2017}) 11. cxd4 Nb4 12. Bxd7 Qxd7 13. Qb3 a5 14. a3 Nc6 15. d5 Nb8 16. Qxb7 Na6 17. Qb3 Rfb8 $146 ({Predecessor:} 17... Nc5 18. Qc4 {1-0 (48) Patel,A (2461)-Betaneli,A (2272) Saint Louis 2018}) 18. Qc4 Qb5 $1 19. Qxb5 Rxb5 20. Nd4 Rc5 (20... Rb7 $11) 21. b4 $16 Rc3 22. Bb2 $36 {[%mdl 2048] White is in control.} ({Don't take} 22. bxa5 Nxd5 23. N2f3 (23. exd5 Bxd4 24. Bb2 Rd3 $11) 23... Rd3 $11) 22... Rd3 23. N2f3 Nd7 24. Re2 Re8 25. Nc6 Bxb2 26. Rxb2 a4 $2 ({Black should play} 26... Rxe4 $14 27. Rd2 (27. Nxa5 Nb6 $14) (27. bxa5 Rxd5 28. Rb7 Rc5 $11) 27... Rxd2 28. Nxd2 Re2) 27. Ne1 (27. Rd2 $18 Rxd2 28. Nxd2) 27... Rc3 $14 28. f3 f5 $1 29. exf5 gxf5 30. Nd4 Re5 31. Nb5 Rce3 {[#]} 32. Kf2 $1 Nb6 33. Rd2 ({White should try} 33. Nd4 $16) 33... Nxd5 (33... f4 $1 $11) 34. Rxd5 (34. Nd3 $16 Rxd3 35. Rxd3) 34... Re2+ 35. Kf1 Rxd5 36. Kxe2 Rxb5 {[%mdl 4096] Endgame KRN-KRN} 37. Rd1 Kf7 38. Nc2 c5 39. bxc5 Rxc5 40. Ne3 $1 Ke6 41. Rd4 Rc3 42. Rxa4 Nc5 43. Rd4 (43. Ra7 $16) 43... Rxa3 44. Rxd6+ {[%mdl 64] [#] Decoy} Kxd6 45. Nc4+ {[%mdl 64] Double Attack} Kd5 46. Nxa3 {KN-KN} f4 47. Nb5 Ke5 48. Kd2 Ne6 49. Kd3 Ng7 50. Nd4 Kd5 51. Kc3 Kc5 52. Ne2 Ne6 53. Kd3 {And now Ke4 would win.} Kd5 54. Nc3+ Ke5 55. Ne4 Ng7 56. Nf2 Nf5 57. Ng4+ Kd5 58. Nf6+ (58. Ke2 $5 {[%cal Rg4f6]}) 58... Ke5 (58... Ke6 $5 {[%cal Re6f6]} 59. Nh5 (59. Nxh7 Nh4 $11) 59... Ke5 $14) 59. Ng4+ (59. Nd7+ {is more complex.} Kd5 60. Ke2 h6 61. Kf2 Ke6 62. Nc5+) 59... Kd5 $1 60. Ke2 Ke6 61. Kf2 h5 {The position is equal.} 62. Nh2 Ng3 63. Nf1 Nxf1 64. Kxf1 $11 {K3P-KPP} h4 $1 65. Ke2 Kd6 66. Kd3 Kd5 67. Kc3 {Kd3 is the strong threat.} Kc5 68. Kd3 {Black must now prevent Ke4.} Kd5 69. Kc3 {Accuracy: White = 60%, Black = 72%.} 1/2-1/2

[Event "Athens of East GM-Open 2019"]
[Site "Madurai"]
[Date "2019.08.16"]
[Round "8.4"]
[White "Laxman, R.R."]
[Black "Savchenko, Boris"]
[Result "0-1"]
[WhiteElo "2429"]
[BlackElo "2576"]
[Annotator "TA"]
[PlyCount "86"]
[EventDate "2019.08.11"]
[EventType "swiss"]
[EventCountry "IND"]
[SourceTitle "playchess.com"]
[Source "ChessBase"]
[SourceQuality "1"]

{[%evp 9,86,11,8,0,3,0,1,0,0,0,-5,-10,-16,-40,-46,-112,-117,-120,-113,-116,-120,-102,-83,-56,-54,-129,-128,-124,-122,-153,-159,-219,-175,-168,-156,-199,-191,-247,-200,-234,-224,-390,-164,-153,-122,-159,-133,-168,-154,-152,-142,-160,-145,-143,-153,-151,-146,-139,-134,-210,-209,-233,-243,-243,-241,-910,-920,-930,-917,-853,-743,-722,-719,-29976,-29977,-29971,-29972,-5979,-5928]} 1. Nf3 Nf6 2. b3 d5 3. Bb2 Bf5 4. g3 e6 5. Bg2 Be7 6. Nh4 {A07: Réti Opening: New York and Capablanca Systems} Bg4 (6... Be4 7. f3 Bg6 8. Nxg6 hxg6 9. e4 g5 10. Qe2 Nc6 11. e5 Nh7 12. d4 Qd7 13. c3 f6 14. exf6 Bxf6 {½-½ (52) Nakamura,H (2785)-So,W (2812) Paris 2017}) 7. h3 $146 ({Predecessor:} 7. c4 Nbd7 8. O-O Bh5 9. Nf3 O-O 10. h3 h6 11. cxd5 exd5 12. Nc3 c6 13. d4 Bd6 {0-1 (52) Khouri,A-Faisal,K (2247) Abu Dhabi 2001}) 7... Bh5 8. g4 {The position is equal.} Nfd7 9. Nf3 Bf6 10. Bxf6 Qxf6 11. Nc3 Bg6 12. g5 {[#]} (12. Nb5 $15 Na6 13. d4) 12... Qe7 $1 $17 13. h4 Nc6 14. d3 O-O-O 15. Qd2 Nb6 16. h5 Bf5 17. d4 (17. h6 $15) 17... h6 18. gxh6 Rxh6 19. a4 a6 20. Nh4 (20. e3 $17 {was worth a try.}) 20... Bh7 ({Resist} 20... Rxh5 21. Nxf5 Rxf5 22. e3 $17) 21. Nf3 Kb8 22. a5 Nd7 23. Na4 (23. Kd1 $142) 23... e5 24. dxe5 Ndxe5 25. Qc3 $2 (25. Kf1 {might work better.}) 25... Rf6 (25... Nxf3+ $142 26. Bxf3 Ne5) 26. Nxe5 $19 Nxe5 ({Don't do} 26... Qxe5 27. Qxe5 Nxe5 28. c3 $15) 27. Nc5 {Strongly threatening Qb4!} Nc6 {[%cal Be5c6,Bc6a5,Ba5c4][%mdl 32]} 28. O-O-O d4 29. Qc4 Nxa5 30. Qb4 {aiming for Nxa6+!} Qxe2 {[%csl Gh7][%cal Re2c2][%mdl 64] Double Attack} 31. Rd2 Qb5 32. Qxb5 axb5 33. Rh4 Rf5 34. b4 (34. Nd3 $17) 34... Nc4 35. Re2 Rg5 36. f4 Rg3 37. Rh1 $2 (37. Rh3 Rg4 38. Nxb7 Rxg2 39. Rxg2 Kxb7 40. Rxg7) 37... Ra3 {[%cal Ra3a1]} 38. Kb1 {[#]} d3 $1 39. cxd3 Bxd3+ 40. Nxd3 Rdxd3 41. Be4 Rdb3+ {[%mdl 64] Double Attack} 42. Kc1 Ra1+ 43. Kc2 Rb2+ {Accuracy: White = 34%, Black = 78%.} 0-1

[Event "Athens of East GM-Open 2019"]
[Site "Madurai"]
[Date "2019.08.16"]
[Round "8.5"]
[White "Triapishko, Alexandr"]
[Black "Muthaiah AL"]
[Result "1-0"]
[WhiteElo "2515"]
[BlackElo "2384"]
[Annotator "RC"]
[PlyCount "91"]
[EventDate "2019.08.11"]
[EventType "swiss"]
[EventCountry "IND"]
[SourceTitle "playchess.com"]
[Source "ChessBase"]
[SourceQuality "1"]
[TimeControl "5400+30"]

1. e4 {[%emt 0:05:52]} c6 {[%emt 0:01:38]} 2. d4 {[%emt 0:04:07]} d5 {[%emt 0:00:22]} 3. Nc3 {[%emt 0:03:23]} dxe4 {[%emt 0:00:41]} 4. Nxe4 {[%emt 0:00:21]} Nf6 {[%emt 0:00:45]} 5. Nxf6+ {[%emt 0:01:08]} exf6 {[%emt 0:00:12]} 6. Bc4 {[%emt 0:05:36]} Bd6 {[%emt 0:04:23]} 7. Qe2+ {[%emt 0:04:40]} Qe7 {[%emt 0:00:58]} 8. Qxe7+ {[%emt 0:04:42]} Kxe7 {[%emt 0:00:35]} 9. Ne2 {[%emt 0:01:38]} Re8 {[%emt 0:15:21]} 10. Bf4 {[%emt 0:12:51]} Be6 {[%emt 0:05:31]} 11. Bd3 {[%emt 0:04:25]} Nd7 {[%emt 0:00:45]} 12. O-O-O {[%emt 0:16:42]} Nb6 {[%emt 0:05:18]} 13. Bxd6+ {[%emt 0:06:09]} Kxd6 {[%emt 0:00:36]} 14. b3 {[%emt 0:02:51]} Nd5 {[%emt 0:14:03]} 15. c4 {[%emt 0:00:58]} Nb4 {[%emt 0:00:34]} 16. Nc3 Nxd3+ {[%emt 0:08:54]} 17. Rxd3 {[%emt 0:00:37]} Bf5 {[%emt 0:00:19]} 18. Rf3 {[%emt 0:06:01]} Bg6 {[%emt 0:03:24]} 19. h4 {[%emt 0:00:49]} h5 {[%emt 0:01:36]} 20. Kd2 {[%emt 0:03:04]} a6 {[%emt 0:12:41]} 21. Re3 {[%emt 0:05:37]} c5 {[%emt 0:01:19]} 22. Rhe1 {[%emt 0:03:06]} Rxe3 {[%emt 0:00:41]} 23. fxe3 {[%emt 0:00:26]} Kc6 {[%emt 0:02:39]} 24. a4 {[%emt 0:03:41]} Rd8 {[%emt 0:01:32]} 25. Ne2 {[%emt 0:00:13]} Bf5 {[%emt 0:05:20]} 26. a5 {[%emt 0:01:42]} Bg4 {[%emt 0:00:59]} 27. d5+ {[%emt 0:01:17]} Kd6 {[%emt 0:03:36]} 28. Nf4 {[%emt 0:00:38]} g6 {[%emt 0:03:15]} 29. e4 {[%emt 0:00:35]} Ke5 {[%emt 0:05:26]} 30. Ke3 {[%emt 0:00:10]} Re8 {[%emt 0:00:18]} 31. Nd3+ {[%emt 0:00:04]} Kd6 {[%emt 0:00:07]} 32. Kd2 {[%emt 0:00:22]} Rc8 {[%emt 0:00:33]} 33. Kc3 {[%emt 0:00:45]} Bd7 {[%emt 0:00:34]} 34. b4 {[%emt 0:01:22]} cxb4+ {[%emt 0:00:06]} 35. Kxb4 {[%emt 0:00:14]} Ke7 {[%emt 0:00:44]} 36. c5 {[%emt 0:01:09]} Bb5 {[%emt 0:00:21]} 37. Nb2 {[%emt 0:00:38]} Kd7 {[%emt 0:00:32]} 38. Nc4 {[%emt 0:00:12]} Bxc4 {[%emt 0:00:41]} 39. Kxc4 {[%emt 0:00:02]} Re8 {[%emt 0:00:14]} 40. Kd4 {[%emt 0:00:25]} Rb8 {[%emt 0:01:18]} 41. Rb1 {[%emt 0:00:25]} Kd8 {[%emt 0:00:27]} 42. Rb6 {[%emt 0:00:10]} Ke7 {[%emt 0:00:08]} 43. c6 {[%emt 0:00:36]} Kd6 {[%emt 0:00:08]} 44. cxb7+ {[%emt 0:00:12]} Kc7 {[%emt 0:00:08]} 45. Rxf6 {[%emt 0:00:16]} Rf8 {[%emt 0:00:24]} 46. e5 {[%emt 0:00:15]} 1-0